Novela zákona o DPH účinná v období rokov 2012 až 2014
Zákon o dani z pridanej hodnoty bol novelizovaný s účinnosťou od 1. októbra 2012, resp. 1. januára 2013. Rešerš vybraných tém novely usporiadaných do tabuľky.
Na minha lista:
| Autor principal: | |
|---|---|
| Formato: | Capítulo de Livro |
| Idioma: | eslovaco |
| Assuntos: | |
| Tags: |
Sem tags, seja o primeiro a adicionar uma tag!
|
MARC
| LEADER | 00000naa a2200000 4500 | ||
|---|---|---|---|
| 001 | 0163737 | ||
| 005 | 20231208085615.4 | ||
| 041 | 0 | |a slo | |
| 044 | |a SK | ||
| 245 | 1 | 0 | |a Novela zákona o DPH účinná v období rokov 2012 až 2014 |c Vladimír Pastierik |
| 520 | |a Zákon o dani z pridanej hodnoty bol novelizovaný s účinnosťou od 1. októbra 2012, resp. 1. januára 2013. Rešerš vybraných tém novely usporiadaných do tabuľky. | ||
| 610 | 2 | 0 | |a novelizácia |
| 610 | 2 | 0 | |a Slovensko |
| 610 | 2 | 0 | |a zákony |
| 610 | 2 | 0 | |a dane z hodnoty pridanej |
| 100 | 1 | |a Pastierik, Vladimír | |